| 000 | 01197cam a22002651i 4500 | ||
|---|---|---|---|
| 003 | SA-RiAUC | ||
| 005 | 20250928083410.0 | ||
| 008 | 250513s1991 su b g b f00000 ara c | ||
| 040 |
_aSA-RiAUC _bara _cSA-RiAUC _erda |
||
| 082 | 0 | 4 |
_a252.524 _qSA-RiAUC |
| 090 |
_a252.524 _b ا ح م |
||
| 100 | 1 |
_aأحمد، بدر الدين يوسف محمد _eمؤلف. |
|
| 245 | 1 | 2 |
_aالمفهوم الجغرافي لمعنى محاذاة الميقات المكاني للحج / _cإعداد بدر الدين يوسف محمد أحمد. |
| 264 | 1 |
_aمكة المكرمة : _bجامعة أم القرى، مركز بحوث العلوم الاجتماعية، _c1991 |
|
| 300 |
_a128 صفحة : _bخرائط ؛ _c24 سم. |
||
| 336 |
_aنص _btxt _2rdacontent _3كتاب |
||
| 337 |
_aبدون وسيط _bn _2rdamedia |
||
| 338 |
_aمجلد _bnc _2rdacarrier |
||
| 490 | 0 |
_aسلسلة بحوث العلوم الاجتماعية ؛ _v14 |
|
| 500 | _aملاحظات من الشيخ رحمه الله في بداية الكتاب | ||
| 504 | _aببليوجرافية : صفحة 122-126. | ||
| 650 | 7 |
_aالحج _xمواقيت _2aucsh |
|
| 942 |
_2ddc _cBOOK _n0 |
||
| 949 |
_aSA-JeALM _d250513 _umohamedma123 _n1 |
||
| 999 |
_c7930 _d7930 |
||